Confesiones
محفوظ في:
| المؤلف الرئيسي: | |
|---|---|
| التنسيق: | كتاب |
| اللغة: | الإسبانية |
| منشور في: |
Barcelona
Iberia
1964
|
| سلاسل: | Obras Maestras
|
| الموضوعات: | |
| الوسوم: |
إضافة وسم
لا توجد وسوم, كن أول من يضع وسما على هذه التسجيلة!
|
MARC
| LEADER | 00000nam a2200000 a 4500 | ||
|---|---|---|---|
| 001 | UCO5070 | ||
| 003 | CL-VaPUC | ||
| 008 | 000825e19640000SP |||||||||||||||||spa|d | ||
| 082 | 0 | 4 | |a 189.2 |b AGU |2 21 |
| 100 | |a San Agustín de Hipona |x Teólogo y filósofo cristiano |9 311590 | ||
| 245 | 1 | 0 | |a Confesiones |
| 300 | |a 434 p | ||
| 942 | |c BK | ||
| 945 | |d 20000825 00:00:00 |a crobeson | ||
| 260 | |a Barcelona |b Iberia |c 1964 | ||
| 600 | 0 | 7 | |a SANTA MONICA |2 CL-VaPUC |9 334589 |
| 650 | 0 | |a Vida espiritual |9 307811 | |
| 650 | 0 | |a Teología |9 258766 | |
| 650 | 7 | |a CATOLICIDAD |2 CL-VaPUC |9 319321 | |
| 650 | 0 | |a Filosofía |9 223554 | |
| 650 | 0 | |a Cristianismo |9 257361 | |
| 650 | 0 | |a Edad media |9 258041 | |
| 650 | 0 | |a Maniqueísmo |9 322041 | |
| 650 | 0 | |a Conceptos morales |9 310606 | |
| 650 | 0 | |a Amor |9 257817 | |
| 650 | 0 | |a Amistad |9 307341 | |
| 650 | 7 | |a SUFRIMIENTO |2 CL-VaPUC |9 323030 | |
| 650 | 0 | |a Neoplatonismo |9 265877 | |
| 650 | 7 | |a CONVERSION |2 CL-VaPUC |9 310975 | |
| 583 | |a last modification |c 20000825 00:00:00 |k Rodrigo Vera | ||
| 490 | 0 | |a Obras Maestras | |
| 999 | |c 291024 |d 291022 | ||
| 952 | |0 0 |1 0 |4 0 |6 189_200000000000000_AGU_1964 |7 0 |8 A |9 340660 |a BIBART |b BIBART |d 2019-11-20 |i 121859K |o 189.2 AGU 1964 |p 121859K |r 2025-03-13 |w 2019-11-20 |y BK |k ART | ||